Vidas de varones ilustres.

Сохранить в:
Библиографические подробности
Главный автор: Cornelio Nepote, Cayo (autor)
Другие авторы: Bautista Xuriguera, Juan (versión, notas), Aguilera, Emiliano M. (notas prologales)
Формат:
Язык:испанский
Опубликовано: Barcelona, España: Iberia, 1963.
Серии:Colección Obras Maestras.
Предметы:
Метки: Добавить метку
Нет меток, Требуется 1-ая метка записи!

MARC

LEADER 00000nam a2200000 a 4500
001 UCO1802
003 CL-VaPUC
005 20220822114344.0
008 000519e19630000SP |||||||||||||||||spa|d
999 |c 288395  |d 288393 
040 |c Pontificia Universidad Católica de Valparaíso 
082 0 4 |a 923.5 COR 1963  |2 21 
100 |a Cornelio Nepote, Cayo  |e autor  |9 450621 
245 1 0 |a Vidas de varones ilustres. 
260 |a Barcelona, España:  |b Iberia,  |c 1963.  
300 |a 173 páginas.  
490 0 |a Colección Obras Maestras. 
500 |a c.3 Donación Familia Prof. Alejandro Guzmán Brito.  
583 |a last modification  |c 20000519 00:00:00  |k Rodrigo Vera 
650 0 |a Historiadores latinos  |2 CL-VaPUC  |9 444308 
700 |a Bautista Xuriguera, Juan  |e versión   |e notas  |9 865594 
700 |a Aguilera, Emiliano M.   |9 865593  |e notas prologales 
942 |c BK  |2 ddc  |n 0 
945 |d 20000519 00:00:00  |a rbrito 
952 |0 0  |1 0  |4 0  |6 923_500000000000000_COR_1963  |7 0  |8 P  |9 336061  |a BIBARQ  |b BIBARQ  |d 2019-11-20  |i 3620999  |o 923.5 COR 1963  |p 3620999  |r 2025-01-20  |w 2019-11-20  |y BK  |k ARQ 
952 |0 0  |1 0  |4 0  |6 923_500000000000000_COR_1963  |7 0  |8 A  |9 336062  |a BIBART  |b BIBART  |d 2019-11-20  |i 1206702  |o 923.5 COR 1963  |p 1206702  |r 2025-03-13  |w 2019-11-20  |y BK  |k ART